| 000 | 01140nam a2200253Ia 4500 | ||
|---|---|---|---|
| 999 |
_c52962 _d52962 |
||
| 001 | 19993 | ||
| 003 | GE_BSU | ||
| 005 | 20200527222450.0 | ||
| 008 | 181216s1978||||ge |||||||||||||| ||geo|| | ||
| 040 | _cGE_BSU | ||
| 041 | _ageo | ||
| 080 | _a81'374(038)=353.1'282 რ-84 | ||
| 100 |
_aროსტიაშვილი, ნათელა _98245 |
||
| 245 |
_aინგილოური ლექსიკონი = Словарь Ингилойского диалекта / _cნათელა როსტიაშვილი ; რედაქტორი : არ. მარტიროსოვი. |
||
| 264 |
_aთბილისი : _bმეცნიერება, _c1978. |
||
| 300 |
_a252 გვ. ; _c22 სმ. |
||
| 541 | _h4ლ. | ||
| 653 | _aინგილოური ენა. | ||
| 653 | _aლექსიკონი | ||
| 700 |
_aმარტიროსოვი, არ. _eრედაქტორი _97663 |
||
| 710 |
_aსაქ.სსრ მეცნ. აკადემია _98246 |
||
| 710 |
_aენათმეცნიერების ინსტიტუტი _98247 |
||
| 942 |
_cBK _2udc |
||